000 01044nam0a22003011 4500
001 v19\rc\2068283
005 20251118181627.3
035 _a(NLR Aleph) 005143878
090 _a4831213
_c4831213
100 _a20081111d1883 u y0rusy50 ca
101 0 _arus
102 _aRU
105 _ay z |||||
200 1 _aК вопросу об изменении ткани почки при различных формах ее атрофии
_e(Гистол. исслед.)
_eДис. на степ. д-ра мед. П. Смирнова
210 _aСанкт-Петербург
_cтип. М.И. Румша
_d1883
215 _a69 с.
_d22
320 _aБиблиогр. в примеч.
700 1 _aСмирнов
_bП.В.
_f1849-
_gПавел Васильевич
801 0 _aRU
_bNLR
_gpsbo
801 0 _aRU
_bRuMoRGB
_2psbo
801 1 _aRU
_bProSoft-M
_2rusmarc
852 _aNLR
_j18.159.1.30
852 _aNLR
_j130/3454
899 _aRuMoRGB
_jA 317/726
899 _aRuMoRGB
_jA 171/831
899 _aБАН
942 _cBOOK
980 _aNB